Quizzes
Events
Quiz Creation
Community
Videos
Private Events
Remove Ads
Sign In
Join for FREE
Feedback
Dark Mode
Quiz Categories
Sports
Geography
Music
Movies
Television
Just For Fun
Miscellaneous
History
Literature
Language
Science
Gaming
Entertainment
Religion
Holiday
For Kids
Quiz Lab
Recent
Popular Today
Quiz Kudos Today
Editor Picks
Curator Picks
Quizzes by...
Day
Popularity
Type
Ratings
Length
Year
Community
Subscriptions
Recent Discussions
Orange Saloon
Badges
Playlists
Quests
Create
Leaderboards
Showdown
Live 5
Trivia Bingo
Activity
Puzzle Library
Sporcle Events
Private Events
Virtual Trivia
Globe League
Become a Host
Pub Owners
SporcleCon
Opinionation
Our Games
Videos
Blog
Mobile Apps
Partnerships
Remove Ads and Go Orange
Feedback
Sports
Athletes
MLB
NBA
NHL
NFL
Soccer
Sports Teams
WWE
NCAA
Football
Premier League
Basketball
Baseball
Hockey
Golf
Tennis
Cricket
Rugby
Auto Racing
Olympics
World Cup
Sports
Athletes
MLB
NBA
NHL
NFL
Soccer
Sports Teams
WWE
NCAA
Football
Premier League
Basketball
Baseball
Hockey
Golf
Tennis
Cricket
Rugby
Auto Racing
Olympics
World Cup
Random Quiz
Search Sporcle
×
Quiz Lab
Quiz Lab
Sports
WWE
Type in answers that appear in a list
Type in answers that appear in a list
Classic
Best Score? Go Orange.
WWE Bragging Rights Wrestlers Stats
Can you name the WWE Bragging Rights Wrestlers?
By
ShaunCold
10m
46 Questions
163 Plays
163 Plays
163 Plays
Comments
Comments
Give Quiz Kudos
Give Quiz Kudos
-
- Ratings
hide this ad
Replay
Link that replays current quiz
Next Quiz
Link to next quiz in quiz playlist
You Got
0%
They Got
Avg Score
66%
Avg Friend Score
Upgrade to see
Score Distribution
Jump to the score distribution portion of the page
Score
0/46
Timer
10:00
0
Plays Today
Wins
Wrestler
% Correct
2
John Cena
93.3%
2
Kane
90.8%
0
Randy Orton
90.8%
1
The Big Show
88.3%
0
Triple H
88.3%
0
Shawn Michaels
84.7%
1
Rey Mysterio
84%
1
Edge
82.8%
1
The Miz
82.8%
1
The Undertaker
82.2%
0
CM Punk
80.4%
0
John Morrison
79.8%
1
Kofi Kingston
79.1%
1
Chris Jericho
78.5%
1
Wade Barrett
74.8%
1
R-Truth
74.8%
0
Goldust
73.6%
0
Cody Rhodes
73.6%
1
Jack Swagger
71.8%
0
Sheamus
70.6%
1
Matt Hardy
69.9%
0
Mark Henry
69.3%
0
Dolph Ziggler
67.5%
Wins
Wrestler
% Correct
0
Batista
66.9%
1
Alberto Del Rio
66.3%
1
Christian
65.6%
1
Finlay
65%
1
Ted DiBiase
63.8%
0
Santino Marella
62.6%
0
Ezekiel Jackson
61.3%
1
Tyson Kidd
60.1%
1
Daniel Bryan
60.1%
1
David Hart Smith
58.9%
1
David Otunga
57.1%
1
Tyler Reks
55.2%
1
Montel Vontavious Porter
53.4%
0
Drew McIntyre
53.4%
1
Michelle McCool
52.8%
1
Beth Phoenix
50.9%
1
Layla
49.7%
0
Melina
47.2%
0
Kelly Kelly
47.2%
1
Natalya
46.6%
0
Chavo Guerrero
44.8%
0
Gail Kim
35.6%
0
Paul Burchill
12.9%
Quiz Playlist
Details
Report
Send in Message
Add To Playlist
Classic:
Type in answers that appear in a list
Last Updated: Feb 16, 2017
Quiz Scoreboard
CHALLENGE
Sign Up to Join the Scoreboard
Show All
Scores
Hide
Comments
May contain spoilers
Recently Published
Billboard Blitz: Fleetwood Mac
by CooCooCachoo
Music
15s
Presidents Visiting Landmarks
by Hejman
History
7m
An Introduction to Baseball
by treessimontrees
Sports
5m
More to Explore
Quiz From the Vault
Featured Blog Post
Where Did the Easter Bunny Come From?
hide this ad
You Might Also Like...
Tags
WWE Quiz
loss
Win
Wrestlers
Today's Top Quizzes in Sports
Browse Sports
hide this ad
Today's Top Quizzes in WWE
Browse WWE
Top Contributed Quizzes in Sports
1
Les meilleurs buteurs des matchs entre le PSG et l’OM
2
2022 World Cup Stars
3
FIFA Club World Cup Champions
4
Les entraîneurs de l'OM et du PSG au 21e siècle
5
Criteria MLB: Left Handed Sluggers
6
Name the Premier League winners with different clubs
7
5-to-1: UK Sports Teams
8
AFC Teams Reveal (Wrong Answers Minefield)
9
Players with Multiple 50 Home Run Seasons
10
5-to-1: FBS Animal Nicknames
Explore More
Trending Topics
NBA
Disney
Kpop
Harry Potter
Marvel
Anime
Crossword
The Office
Song
Puzzle
NFL
Country
Soccer
WWE
Pokémon
hide this ad
More By:
ShaunCold
Quiz
Plays
Rating
Category
Featured
Created
NFL's Worst (2017)
27,416
4.55
Sports
Jan 16, 2018
The Undertaker WWE PPV Opponents
6,706
3.06
Sports
Jul 12, 2011
MMA Submissions by Picture
2,469
4.40
Sports
Mar 11, 2017
2017 NBA Jersey Numbers (Slideshow)
2,369
4.00
Sports
Oct 14, 2017
NFL's Worst (2023)
2,335
5.00
Sports
Jan 8, 2024
Go to Creator's Profile
Score Distribution
Quiz Creator Spotlight
ShaunCold
Follow
Send a Message
Quizzes Created
-
Created Quiz Play Count
-
More By This Creator
Popular Quizzes Today
1
Find the US States - No Outlines Minefield
2
Find the Countries of Europe - No Outlines Minefield
3
The Countries of the World
4
Find the US States
5
Risky Map Clicking: Biggest States A-Z
6
US States
7
Popular People in 1961
8
Movies - When Are They Set?
More Sports Quizzes
China at the Olympics
Curator's Pick
Trending Quizzes
Risky Map Clicking: Least Populous States A-Z
1-10 Letter G Words
1-10 Letter F Words
Risky Map Clicking: Next State Alphabetically
Risky Map Clicking: Biggest States A-Z
Recently Updated
Leaping Animals
pecheneg
Reality TV Shows (A-Z)
bhenderson79
Rickey Henderson's Hall of Fame Teammates
pecheneg
Champions League XIs: Arsenal
pecheneg
Quick Pick: Celebrities in WWE's Hall of Fame
aduchscher
A-Z Keypad Blitz II
pecheneg
Multiple Oscar Actors
pecheneg
Mystery Phrase Blitz: Oscar 'Best Actors'
pecheneg
F. Scott Fitzgerald Novels
LTH
Pick 3 Villains
ddd62291
Trending Topics
Kpop
Crossword
NBA
Anime
Marvel
Harry Potter
Disney
WWE
Song
Country
NFL
Soccer
Puzzle
The Office
Pokémon
Your Account Isn't Verified!
In order to create a playlist on Sporcle, you need to verify the email address you used during registration. Go to your
Sporcle Settings
to finish the process.
Report this User
Report this user for behavior that violates our
Community Guidelines
.
Details:
Send Report
Go to the Sporcle.com Mobile Site →
Comments